000 00623cam a22002053a 4500
001 38907
003 PGUSA
005 20140828083847.0
008 120217s2012||||xxu|||||s|||||000 | eng d
040 _aPGUSA
_beng
042 _adc
100 1 _aFrothingham, Octavius Brooks,
_d1822-1895
245 1 0 _aTranscendentalism in New England :
_bA History
_h[electronic resource] /
_cOctavius Brooks Frothingham
260 _bProject Gutenberg,
_c2012
506 _aPublic domain in the USA.
516 _aElectronic text
830 0 _aProject Gutenberg
_v38907
856 4 0 _uhttp://www.gutenberg.org/ebooks/38907
942 _cEB
999 _c268160
_d268160